000 00303nam a22001337a 4500
008 171010b xxu||||| |||| 00| 0 eng d
020 _a9780205482436
041 _aeng
080 _24TH
_a316
100 _a50
101 _aSOC
245 _aSOLUTIONS TO SOCIAL PROBLEMS
_cEITZEN,D.S
942 _2udc
_cBK
999 _c32942
_d32942